Statistiques concernant Culture Générale - Série 269

Cliquez ici pour prendre le quiz!

Statistiques générales

  • Ce quiz a été pris 233 fois
  • Le résultat moyen est 6 sur 10

Statistiques - réponses

QuestionRéponse% Correct
Quelle couleur est associée à un mariage qui n'a pas été consommé charnellement ?Le blanc
97%
Généralement, sur quelle partie du corps porte-t-on une chéchia ?La tête
89%
Sur quelle île française est située la ville de Papeete ?Tahiti
79%
Quelle est la capitale des Philippines ?Manille
76%
Où se bécotent les amoureux selon la chanson de Georges Brassens en 1954 ?Sur les bancs publics
60%
Comment peut-on traduire l'expression arabe "in cha' Allah" ?Si Dieu le veut
55%
Qui chante "Que Marianne était jolie" en 1972 ?Michel Delpech
43%
En grammaire, de quel groupe le verbe tressaillir fait-il partie ?3ème groupe
39%
Dans quel sketch des Inconnus entend-on : "Vous m'avez dit de dire Hardy" ?Télémagouilles
38%
Quel aviateur donne son nom au titre d'une chanson de Robert Charlebois en 1968 ?Lindbergh
27%

Distribution des résultats

Percentile par nombre de réponses

% des personnes avec chaque résultat

Votre développement - résultats

Vous n’avez pas pris ce quiz